000 00527nam a2200169Ia 4500
005 20250508153052.0
008 008 250505s9999 xx 000 0 eng d
037 _aBooks to be hide in OPAC
040 _aFEDL
_beng
_cFEDL
041 _aeng
_2eng
084 _a370.954063, ALL
_qFEDL
245 0 _aProceedings of the XXII all-India educational conference and the IV all India adult education conference
260 _c1947
300 _a681p.
942 _cHB
_h370.954063, ALL
999 _c1340503
_d1340503